000 00804nam a2200289Ia 4500
001 6276
003 IT-RoPAU
008 130308s9999 xx 000 0 und d
040 _aIT-RoPAU
040 _cIT-RoPAU
041 _aITALIANO
100 _aEjchenbaum Boris
100 _gCodice Aut. SPICS: 6982
245 _a"Come è fatto ""Il cappotto"" di Gogol'"
245 _bFormalisti russi (I)-Teoria della letteratura e Metodo Critico
250 _a7a ed.
260 _aTORINO
260 _bEinaudi
260 _c1982 [1° Ed.:1968 - Ed.Ling.Originale:1918]
300 _a"25 p. (prefazione: no ; testo: 25 [pagine: 249-273])"
650 _aSTORIA UNIVERSALE DELLE ARTI VISIVE
650 _eCodice materia Spics: 5009
942 _cBK
957 _71
999 _c76714
_d76714
999 _bSI
999 _g1